| 000 | 00406nam a22001697a 4500 | ||
|---|---|---|---|
| 008 | 211104b |||||||| |||| 00| 0 eng d | ||
| 020 | _a9389565935 | ||
| 050 | _aQR41 .A76 2020 C.1 | ||
| 100 | _aArora, DR | ||
| 245 | _aTextbook of Microbiology | ||
| 250 | _a6th ed. | ||
| 260 |
_aNew Delhi _bCBS _c2020 |
||
| 300 | _a603p. | ||
| 650 | _aMicrobiology | ||
| 700 | _aArora, Brij Bala | ||
| 942 |
_2lcc _cBK |
||
| 999 |
_c19094 _d19093 |
||